| 000 | 00562nam a2200169 4500 | ||
|---|---|---|---|
| 001 | 137950 | ||
| 003 | ES-MaACL | ||
| 005 | 20230906195456.0 | ||
| 007 | t| | ||
| 008 | 070214s1973 sp r ||||1| spa d | ||
| 100 | 1 |
_aSánchez Faba, Francisco. _9102629 |
|
| 245 | 1 | 1 |
_a_Y el hombre llegó a la luna / _cFrancisco Sánchez Faba. |
| 260 |
_aMadrid : _bInstituto Nacional de Bachillerato Cervantes, _c1973. |
||
| 300 |
_a311 p., 24 lám. : _bil. ; _c22 cm. |
||
| 710 | 2 |
_aInstituto de Bachillerato Cervantes (Madrid) _94826 |
|
| 852 |
_aES-MaACL _jE-7854 _bR.90636 |
||
| 999 |
_c137950 _d137950 |
||